| 000 | 01127nam a2200361 i 4500 | ||
|---|---|---|---|
| 001 | 1542 | ||
| 003 | KOSZ 005 | ||
| 005 | 20210322132948.0 | ||
| 008 | 000712s1979 pl a f f |000 0 pol | ||
| 015 | _aPB 1979/4282 | ||
| 035 | _a(OCoLC)749742010 | ||
| 040 |
_aWA N _cWA N _dKOSZ 005/EC |
||
| 041 | 0 | _apol | |
| 046 | _k1979 | ||
| 080 | _a628.5 | ||
| 080 | _a(075.8) | ||
| 655 | 4 | _aPodręczniki akademickie | |
| 650 | 4 | _aPomiary | |
| 650 | 4 | _aPowietrze | |
| 710 | 2 |
_aWydawnictwa Politechniki Warszawskiej _4pbl. |
|
| 100 | 1 |
_aRadwańska, Anna. _eAutor |
|
| 245 | 1 | 0 |
_aPomiary zanieczyszczeń atmosfery / _cAnna Radwańska. |
| 260 |
_aWarszawa : _bWydawnictwa Politechniki Warszawskiej, _c1979. |
||
| 300 |
_a117 s., [1] k. tabl. : _bil., tab., wykr. ; _c25 cm. |
||
| 380 | _aKsiążki | ||
| 388 | _a1901-2000 | ||
| 388 | _a1945-1989 | ||
| 504 | _aBibliogr. s. 116-117. | ||
| 650 | 4 | _aZanieczyszczenia. | |
| 658 | _aOchrona środowiska | ||
| 856 |
_uhttp://koha.tu.koszalin.pl/cgi-bin/koha/opac-detail.pl?biblionumber=1542 _yKatalog online BPK |
||
| 942 |
_2UKD _cKS |
||
| 999 |
_c1542 _d1542 |
||